000 00372nam a2200145Ia 4500
008 150201s2003 xx 000 0 und d
082 _a617.601
_bD2003F
100 _aKOV FEJERS
245 _aDENTAL CARIES
250 _a1ST
260 _bBLACKWELL SCIENCE PUB.
_aOXFORD LONDON
_c2003
300 _a1-350
650 _aPREVENTIVE AND COMMUNITY DENTISTRY
942 _2ddc
_cBK
999 _c4762
_d4762